Countries by musician - Statistics

General Stats
  • This quiz has been taken 46 times
  • The average score is 17 of 22
Answer Stats
musician/band Country % Correct
Billie Eilish USA
100%
Drake Canada
98%
ABBA Sweden
93%
Oasis United Kingdom
93%
Rammstein Germany
90%
U2 Ireland
90%
BTS South korea
90%
Daft Punk France
88%
Carlos Santana Mexico
88%
Mozart Austria
85%
Rihanna Barbados
85%
Shakira Columbia
85%
Rosalia Spain
78%
Maneskin Italy
75%
Aurora Norway
75%
Anitta Brazil
70%
t.A.T.u. Russia
68%
Stromae Belgium
63%
Tame Impala Australia
60%
Martin Garrix Netherlands
53%
Burna Boy Nigeria
38%
Kaleo Iceland
28%
No matching quizzes found
Score Distribution
Percent of People with Each Score
Percentile by Number Answered
Your Score History
You have not taken this quiz